Kaikki Afrikan liput - Äkkikuolema - Statistics

Yleistilastot
  • Tätä visaa on pelattu 1 530 kertaa
  • Keskiarvotulos 24 / 54
Answers on the Grid
Answers color-coded by a green-red scale on the quiz's grid according to % correct below.
 
Vastaustilastot
Vastaus % Oikein
Egypti
88%
Etiopia
78%
Algeria
70%
Sambia
67%
Tunisia
65%
Komorit
64%
Madagaskar
63%
Tansania
61%
Burkina Faso
60%
Eritrea
58%
Kamerun
55%
Uganda
55%
Ghana
54%
Etelä-Afrikka
54%
Marokko
52%
Zimbabwe
51%
Kenia
51%
Päiväntasaajan Guinea
50%
Angola
48%
Swazimaa
47%
Keski-Afrikan tasavalta
46%
Nigeria
46%
Senegal
45%
Somalia
45%
Namibia
44%
Mosambik
44%
Benin
43%
Ruanda
40%
Malawi
40%
Togo
40%
Kongon demokraattinen tasavalta
40%
Lesotho
38%
Botswana
38%
Tšad
37%
Guinea
37%
Gambia
37%
Mali
37%
Niger
37%
Burundi
36%
São Tomé ja Príncipe
36%
Seychellit
36%
Gabon
35%
Guinea-Bissau
35%
Kongon tasavalta
34%
Kap Verde
33%
Djibouti
33%
Liberia
32%
Sierra Leone
32%
Mauritius
32%
Norsunluurannikko
31%
Mauritania
31%
Etelä-Sudan
31%
Libya
30%
Sudan
25%
Ehtoja vastaavia visoja ei löytynyt
Tulosjakauma
Jokaisen tuloksen saaneiden osuus
Persentiili vastausten määrän mukaan
Tuloshistoriasi
Et ole pelannut tätä visaa